000 00426nam a2200157 a 4500
005 20210219152915.0
008 991125n 000 0 spa u
035 _aUPN01000066719
222 _aEDUCACION (CUBA)
245 _a¿Las capacidades son innatas o se desarrollan?
300 _a99-103
362 _a1974 Año 4, no. 12 ene.-mar.
653 0 _aINTELIGENCIA -
_xPRUEBAS
904 _aAC
_b004530
905 _aArticulo
999 _c63627
_d63627